000 00960pam a2200277 a 4500
001 1198373
003 OSt
005 20150408114103.0
008 980501s2011 njuab b 001 0 eng
010 _a 98023825
020 _a9780071220781
040 _aDLC
_cDLC
_dDLC
050 0 0 _aHB172.5
_b.C375 1999
082 0 0 _a339
_221
_bFRP
100 1 _aFrank, Robert H.
_918287
245 1 0 _aPrinciples of macroeconomics /
_cRobert H. Frank
250 _a5th ed.
260 _aUpper Saddle River, N.J. :
_bPrentice Hall,
_c2011
300 _axxxi, 528, G-20, S-14, I-12 p. :
_bill. (some col.), maps ;
_c26 cm.
504 _aIncludes bibliographical references and index.
650 0 _aMacroeconomics.
_94463
700 1 _aFair, Ray C.
_918288
906 _a7
_bcbc
_corignew
_d1
_eocip
_f19
_gy-gencatlg
942 _2ddc
_cDVD
999 _c26422
_d260922